000 00300nam a22001337a 4500
008 171019b xxu||||| |||| 00| 0 eng d
020 _a9781576750148
041 _aeng
080 _a338
100 _a53
101 _aMEN
245 _aTHE NEW ORGANIZATIONAL WEALTH
_cSVEIBY,K.E
942 _2udc
_cBK
999 _c35004
_d35004